| 000 | 00633cam2a220021700 4500 | ||
|---|---|---|---|
| 001 | zam00002411 | ||
| 008 | 951128s1977 xx eng u | ||
| 035 | _a(Sirsi) r19778 | ||
| 035 | _a(MACHINE)SLC. | ||
| 100 |
_aDodge, D. J. _6A80793.1 |
||
| 245 | 1 | 0 | _aAgricultural policy and performance in Zambia. |
| 260 | _c1977. | ||
| 949 |
_aHD2130.Z2 _wlcc _mMAIN _p2500 _tSHORTLOAN _lSHORTLOAN |
||
| 004 | 19778 | ||
| 591 | _aClass code: DS 330. | ||
| 591 | _aCourse: The agrarian crisis and the food problem. | ||
| 591 | _aSchool: S05. | ||
| 591 | _aLecturer: Mr. LIPALILA, M. | ||
| 591 | _aNumber of Students: 52. | ||
| 909 | _aBook | ||
| 999 |
_c8337 _d8337 |
||